000 00924nas a2200313 4500
001 BR0200423
003 BR-BrBNA
005 20231205102708.0
007 ta
008 230509b bl.|||p| |||| 00| 00por d
040 _aBR-BrBNA
_bpor
_cBiblioteca Nacional de Agricultura
041 _a(Pt)
072 _aL53; L70
100 1 _aMachado Neto, R.
100 1 _aPacker, I.U.
100 1 _aMenten, J.F.
100 1 _aLavorenti, A.
245 1 _aEfeito da raça, dieta, época e ordem de parição na concentração de imunoglobulina G no colostro de suinos
650 _aSUÍNO
650 _aRAÇA
650 _aDIETA
650 _aPARTO
650 _aIMUNOGLOBULINA
650 _aCOLOSTRO
650 _aANTICORPO
773 0 _tPesquisa Agropecuária Brasileira (Brazil)
_xISSN 0100-204X
_g(Oct 2001), v. 36(10) p. 1295-1299
_wBR0200423
909 _a202311
_bLúcia
_c55
_dLúcia Elande
942 _2AGRIS
_n0
_cANA
999 _c168861
_d168861